LEADER 01263nam a2200217 i 4500 001 000000246334 003 CaOOAMICUS 005 20151105000000.0 008 151105s1831 it u000 u ita u 013 $a225239 040 $aSeMil$bita 100 1 $aOlietti, Carlo.$0(OLS)http://semarc/name/82710 245 10$aNotizie storiche intorno al Seminario di Bergamo dedicate all'illustrissimo e reverendissimo monsignore Carlo Morlacchi vescovo di detta cittą nel solenne ingresso alla sua sede vescovile /$c[Carlo Olietti]. 260 $aBergamo :$bCoi tipi di Luigi Sonzogni,$c1831. 300 $a78 p., [1] c. di tav. ripieg. :$bill. ;$c23 cm. 500 $aNome dell'autore in calce all'introduzione, p. [6]. 650 4$aBergamo (Diocesi) - Seminario Vescovile Giovanni XXIII - Storia.$0(OLS)http://semarc/subject/3351 850 $aSeMil 852 $aSeMil$W1$xVenegono$y1$m3G III 50 FA$j196680$B196680$CSeMilBibl$Z2$F207604 $8I 996 $6245$aNotizie storiche intorno al Seminario di Bergamo dedicate all'illustrissimo e reverendissimo monsignore Carlo Morlacchi vescovo di detta cittą nel solenne ingresso alla sua sede vescovile$9(OLS)http://semarc/title/348055 996 $6260$aBergamo :$bCoi tipi di Luigi Sonzogni$9(OLS)http://semarc/publisher/55042 LEADER 01098nam a2200229 i 4500 001 000000230915 003 CaOOAMICUS 005 20230117145124.0 008 140701s1758 it u000 u ita u 013 $a209818 026 $a7970 onu- a-il quIs (3) 1758 (R) 040 $aSeMil$bita 245 10$aTomo 2. 300 $a585, [3] p. 500 $aIniz., fregi xilogr. 500 $aMarca editoriale: La Fede: Donna seduta con croce nella mano sinistra e fiammella nella destra. In cornice vegetale (Repertorio consultato: Marques d'impressors, Univ. di Barcellona). 500 $aSegn.: A-2A12 2B6 773 0 $aCalino, Cesare $tLezioni sacre, e morali sopra il Libro primo de' Re. Adattate ad ammaestrar ne' costumi ogni genere di persone. Opera di Cesare Calino della Compagnia di Gesł ... Tomo 1. [-10.].$dIn Venezia : Presso Gio: Battista Recurti alla Religione, 1745-1758.$g2$w()30094 850 $aSeMil 852 $aSeMil$W1$xVenegono$y1$m2W I 111 FA$j181261$B181261$CSeMilBibl$Z2$F192115 $8I 996 $6245$aTomo 2$9(OLS)http://semarc/title/49331